Gabonakutatók elismerései
Elmentve itt :
| Dokumentumtípus: | Cikk |
|---|---|
| Megjelent: |
2007-03-12
|
| Sorozat: | Délmagyarország
97 No. 60 |
| Kulcsszavak: | Kertész Zoltán, Szániel Imre, Petróczi István, Vastag József, Papp Elemérné, Lendvai Józsefné, Koós Endre, Gavallér József, Géczi Lajosné, Pálfalviné Havrincsák Zsuzsanna, Szeged, Kitüntetés Magyar Köztársasági Érdemrend Lovakersztje, Kitüntetés Magyar Köztársasági Érdemkereszt, Kitüntetés Magyar Agrárgazdasági Minőség-díj, Kitüntetés Ujhelyi Imre-díj, Kitüntetés Életfa-emlékplakett, Kitüntetés Miniszteri elismerő oklevél, Gabonatermesztési Kutató Kht. (Szeged), Eseménynaptár Szeged 2007. 03. |
| Online Access: | http://dmarchiv.bibl.u-szeged.hu/137835 |
| LEADER | 00932nab a2200145 i 4500 | ||
|---|---|---|---|
| 001 | delm137835 | ||
| 005 | 20200109093800.0 | ||
| 008 | 200109s2007 hu o 0|| hun d | ||
| 040 | |a SZTE Délmagyarország Archívum |b hun | ||
| 041 | |a hun | ||
| 245 | 0 | 0 | |a Gabonakutatók elismerései |h [elektronikus dokumentum] |
| 260 | |c 2007-03-12 | ||
| 300 | |a 5 | ||
| 490 | 0 | |a Délmagyarország |v 97 No. 60 | |
| 695 | |a Kertész Zoltán, Szániel Imre, Petróczi István, Vastag József, Papp Elemérné, Lendvai Józsefné, Koós Endre, Gavallér József, Géczi Lajosné, Pálfalviné Havrincsák Zsuzsanna, Szeged, Kitüntetés Magyar Köztársasági Érdemrend Lovakersztje, Kitüntetés Magyar Köztársasági Érdemkereszt, Kitüntetés Magyar Agrárgazdasági Minőség-díj, Kitüntetés Ujhelyi Imre-díj, Kitüntetés Életfa-emlékplakett, Kitüntetés Miniszteri elismerő oklevél, Gabonatermesztési Kutató Kht. (Szeged), Eseménynaptár Szeged 2007. 03. | ||